000 00277nam a2200121Ia 4500
008 190216s9999||||xx |||||||||||||| ||und||
100 _aNull
245 0 _aHindi-K C Lapsa
260 _bTata Mcgraw Hill Publishing Company Ltd
300 _a64
650 _aHindi
942 _cBK
999 _c15869
_d15869